Batfamily alter-ego members by hint: 60 sec - Statistics

General Stats
  • This quiz has been taken 279 times
  • The average score is 6 of 7
Answer Stats
Hint Answer % Correct
Acrobatic fighting style. Dick Grayson
99%
Used to be Dead. Jason Todd
99%
Snotty. Uses sword. Damian Wayne
86%
Poor guy cleans up everything. Alfred
83%
Wheelies and glasses. Barbara Gordon
79%
Thug dad. Still a bird. Tim Drake
79%
I love women. Bruce Wayne
62%
No matching quizzes found
Score Distribution
Percent of People with Each Score
Percentile by Number Answered
Your Score History
You have not taken this quiz